000 00704nam a2200217 a 4500
001 000043079
005 20201002040625.0
008 140218s2000 xxua 001 0 spa d
020 _a1555878857
040 _aDO-SdBNP
_cspa
_bBNPHU
082 _axxx
_bC258a
100 1 _aCarafano, James Jay,
_d1955-
_970601
245 1 0 _aAfter D-Day :
_boperation Cobra and the Normandy breakout /
_cJames Jay Carafano.
260 _aBoulder, Colorado, Estados Unidos :
_bLynne Rienner Publishers,
_c2000.
300 _aix, 295 p. :
_bil. ;
_c23 cm.
490 1 _aArt of war ;
500 _aIncluye índice
504 _aBibliografía : p. 267-284
590 _aInventariado, 2019/ YL
830 0 _aArt of war
_970602
999 _c42568
_d42568